00588nam a2200169 i 450000100060000000300090000600500170001500700030003200800410003524500680007626000440014430000220018870000370021085200320024799900170027995201220029659937ES-MaACL20230906164126.0t|031031s1971 cl ||||1| spa d00aDon Alonso de Ercilla y Zúñiga / cPablo Neruda...[et al.]. aSantiago de Chile : bPomaire, c[1971] a174 p. ; c20 cm.1 aNeruda, Pablo,d1904-1973985398 aES-MaACLjC-45840 bR.78699 c59937d59937 00104070aATENEOMbATENEOMcDEPO2d2008-01-17eSCl0oC-45840p1062860r2023-02-23 00:00:00w2023-02-23yMONOGRAFIA